LEADER 01067nam a22002651i 4500 001 991001419399707536 005 20030321202408.0 008 021230s1989 it |||||||||||||||||ita 035 $ab12144472-39ule_inst 035 $aARCHE-023427$9ExL 040 $aDip.to Filologia Ling. e Lett.$bita$cA.t.i. Arché s.c.r.l. Pandora Sicilia s.r.l. 082 04$a945.73 100 1 $aPetraccone, Claudia$033371 245 10$aNapoli nel 1799 :$brivoluzione e proprieta : una ricerca su borghesia e nobilta nel Mezzogiorno d'Italia /$cClaudia Petraccone 260 $aNapoli :$bMorano,$c1989 300 $a359 p. ;$c21 cm 440 0$aCollana di storia ;$v2 650 4$aProprietà fondiaria$xRegno di Napoli. 1266-1815 650 4$aRepubblica partenopea. 1799 907 $a.b12144472$b02-04-14$c01-04-03 912 $a991001419399707536 945 $aLE008 FL.M. VIII B 54$g1$i2008000319748$lle008$o-$pE0.00$q-$rl$s- $t0$u1$v0$w1$x0$y.i1247082x$z01-04-03 996 $aNapoli nel 1799$9149149 997 $aUNISALENTO 998 $ale008$b01-04-03$cm$da $e-$fita$git $h0$i1 LEADER 02092oam 2200589M 450 001 9910715430303321 005 20191116082332.4 035 $a(CKB)5470000002511744 035 $a(OCoLC)1065569686 035 $a(OCoLC)995470000002511744 035 $a(EXLCZ)995470000002511744 100 $a20070221d1828 ua 0 101 0 $aeng 135 $aurcn||||||||| 181 $ctxt$2rdacontent 182 $cc$2rdamedia 183 $acr$2rdacarrier 200 10$aSouth Carolina. Memorial of the Canal and Rail Road Company. April 7, 1828. Referred to the Committee of Ways and Means. April 14, 1828. Bill reported -- No. 268 210 1$a[Washington, D.C.] :$c[publisher not identified],$d1828. 215 $a1 online resource (4 pages) 225 1 $aHouse document / 20th Congress, 1st session. House ;$vno. 246 225 1 $a[United States congressional serial set ] ;$v[serial no. 174] 300 $aBatch processed record: Metadata reviewed, not verified. Some fields updated by batch processes. 300 $aFDLP item number not assigned. 606 $aFederal aid 606 $aForeign trade promotion 606 $aForeign trade and employment 606 $aImports 606 $aIron 606 $aLocomotives 606 $aRailroad construction workers 606 $aRailroads$xDesign and construction 606 $aTariff 608 $aLegislative materials.$2lcgft 615 0$aFederal aid. 615 0$aForeign trade promotion. 615 0$aForeign trade and employment. 615 0$aImports. 615 0$aIron. 615 0$aLocomotives. 615 0$aRailroad construction workers. 615 0$aRailroads$xDesign and construction. 615 0$aTariff. 712 02$aCharleston (S.C.) 801 0$bWYU 801 1$bWYU 801 2$bOCLCO 801 2$bOCLCQ 906 $aBOOK 912 $a9910715430303321 996 $aSouth Carolina. Memorial of the Canal and Rail Road Company. April 7, 1828. Referred to the Committee of Ways and Means. April 14, 1828. Bill reported -- No. 268$93265614 997 $aUNINA